LEADER 01567nam a2200301 i 4500 001 000000196375 003 CaOOAMICUS 005 20110120000000.0 008 110120s2010 it u000 u ita u 013 $a175057 020 $a978-88-7962-163-2 040 $aSeMil$bita 245 10$aPro statu isto :$bl'appello dell'uomo all'infinito : atti del Convegno nel 7. centenario della morte di Giovanni Duns Scoto : Milano 7-8 novembre 2008 /$ca cura di Alessandro Ghisalberti e Ernesto Dezza. 260 $aMilano :$bEdizioni Biblioteca Francescana,$c2010. 300 $a271 p. ;$c21 cm. 490 0 $aTau ;$v11 650 4$aDuns Scoto, Giovanni <1265-1308>.$0(OLS)http://semarc/subject/148 650 4$aTeologia francescana.$0(OLS)http://semarc/subject/36879 650 4$aAntropologia francescana.$0(OLS)http://semarc/subject/36880 700 1 $aDezza, Ernesto.$0(OLS)http://semarc/name/71187 700 1 $aGhisalberti, Alessandro,$d<1940- >.$0(OLS)http://semarc/name/19692 830 0$aTau ;$v11.$0(OLS)http://semarc/title/12989 850 $aSeMil 852 $aSeMil$W1$xVenegono$y1$m2P II 777$j146938$B146938$CSeMilBibl$Z2$F165586 $81 961 $aOmaggio: Tettamanzi Card. Dionigi 996 $6020$a978-88-7962-163-2$9(OLS)http://semarc/number/188274 996 $6245$aPro statu isto :$bl'appello dell'uomo all'infinito : atti del Convegno nel 7. centenario della morte di Giovanni Duns Scoto : Milano 7-8 novembre 2008$9(OLS)http://semarc/title/283531 996 $6260$aMilano :$bEdizioni Biblioteca Francescana$9(OLS)http://semarc/publisher/29947 LEADER 01256nam a2200253 i 4500 001 000000196814 003 CaOOAMICUS 005 20140527000000.0 008 140527s2007 it u000 u ita u 013 $a175497 020 $a978-84-86830-38-0 040 $aSeMil$bita 100 1 $aCoppola, Salvatore <1946- >.$0(OLS)http://semarc/name/71313 245 10$aEntre la religión y la política :$bi rapporti della Santa Sede con Italia, Germania e Spagna, 1929-1945 /$cSalvatore Coppola ; (collaborazione di María del Carmen Vara Gordillo) 260 $aMadrid :$bSiddharth Mehta,$c2007. 300 $a343 p. ;$c21 cm. 650 4$aSanta Sede - Relazioni internazionali - Sec. 20.$0(OLS)http://semarc/subject/32896 700 1 $aVara Gordillo, María del Carmen.$0(OLS)http://semarc/name/71314 850 $aSeMil 852 $aSeMil$W1$xVenegono$y1$m3A II 311$j147377$B147377$CSeMilBibl$Z2$F158928 $81 961 $aCambio: Scuola Cattolica 996 $6020$a978-84-86830-38-0$9(OLS)http://semarc/number/188814 996 $6245$aEntre la religión y la política :$bi rapporti della Santa Sede con Italia, Germania e Spagna, 1929-1945$9(OLS)http://semarc/title/284180 996 $6260$aMadrid :$bSiddharth Mehta$9(OLS)http://semarc/publisher/50910